Iraq Al-Amīr : guide historique et archéologique du domaine des Tobiades /

محفوظ في:

المؤلف الرئيسي: Étienne, Roland (مؤلف)

مؤلفون آخرون: Salles, Jean-François, 1944-

التنسيق: كتاب

اللغة: French

منشور في: Beyrouth : Institut Français du Proche-Orient, 2010.

سلاسل: Guides archéologiques de l'Institut français d'archéologie du Proche-Orient ; 8.

الموضوعات:

الوسوم: إضافة وسم

لا توجد وسوم, كن أول من يضع وسما على هذه التسجيلة!

رقم الطلب: DS154.9 .A7 E35 2010

LEADER 01374namaa2200325 4500
001 19223
003 OSt
005 20211213134938.0
008 130303s2010 le a g b 000 0 fre d
952 |0 0  |1 0  |2 lcc  |4 0  |6 DS01549 A7 E35 02010  |7 1  |9 23802  |a ARCE  |b ARCE  |d 2021-12-13  |l 0  |o DS154.9 .A7 E35 2010  |p 1009057  |r 2021-12-13 00:00:00  |w 2021-12-13  |y BK 
999 |c 16983  |d 16983 
020 |a 9782351591659 
040 |c ARCE Library 
043 |a a-jo--- 
050 4 |a DS154.9 .A7 E35 2010 
100 1 |a Étienne, Roland,  |e author 
245 1 0 |a Iraq Al-Amīr :   |b guide historique et archéologique du domaine des Tobiades /   |c Roland Étienne, Jean-François Salles.  |h   
246 3 |a Guide historique et archéologique du domaine des Tobiades 
264 1 |a Beyrouth :   |b Institut Français du Proche-Orient,   |c 2010. 
300 |a 134 pages :   |b illustrations ;   |c 24 cm. 
336 |a text  |b txt  |2 rdacontent 
337 |a unmediated  |b n  |2 rdamedia 
338 |a volume  |b nc  |2 rdacarrier 
490 1 |a Guides archéologiques de l'Institut français d'archéologie du Proche-Orient ;   |v 8. 
504 |a Includes bibliographical references. 
651 0 |a ʻIrāq al-Amīr (Jordan)  |x Antiquities.  |9 18525 
700 1 |a Salles, Jean-François,  |d 1944-  |9 39095 
830 0 |a Guides archéologiques de l'Institut français d'archéologie du Proche-Orient ;   |v 8. 
901 |a reviewed 
942 |c BK  |2 lcc